|
|
|
|
| LEADER |
01162nam a2200301 u 4500 |
| 001 |
10076660 |
| 003 |
upatras |
| 005 |
20250328063524.0 |
| 008 |
091007s2001 uk eng |
| 020 |
|
|
|a 0415221870
|
| 040 |
|
|
|a GR-PaULI
|c GR-PaULI
|
| 041 |
0 |
|
|a eng
|
| 082 |
0 |
4 |
|a 185
|
| 100 |
1 |
|
|a Hughes, Gerard J.
|9 76916
|
| 245 |
1 |
0 |
|a Routledge philosophy guidebook to Aristotle on Ethics
|c Gerard J. Hughes
|
| 260 |
|
|
|a London
|b Routledge Taylor & Francis Group
|c 2001
|
| 300 |
|
|
|a 238 p.
|c 20 cm.
|
| 490 |
0 |
|
|a Routledge philosophy guidebooks
|
| 504 |
|
|
|a Includes bibliography and index
|
| 650 |
|
4 |
|a Αριστοτελική φιλοσοφία
|9 2639
|
| 650 |
|
4 |
|9 164
|a Ηθική
|
| 600 |
1 |
0 |
|a Αριστοτέλης,
|d 384 π.Χ.-322 π.Χ.
|9 10130
|
| 760 |
0 |
|
|a Routledge philosophy guidebooks
|
| 852 |
|
|
|a GR-PaULI
|b ΠΑΤΡΑ
|b ΦΙΛΟΣΟΦΙΑ
|k ΑΣΧΞ-4
|h 185 HUG
|m 7479
|p 025000188169
|t 1
|
| 942 |
|
|
|2 ddc
|c BK15
|
| 952 |
|
|
|0 0
|1 0
|4 0
|6 185_000000000000000_HUG
|7 0
|9 78955
|a PHIL
|b PHIL
|d 2016-04-24
|i 7479
|l 2
|o 185 HUG
|p 025000188169
|r 2018-09-24 00:00:00
|s 2018-09-17
|t 1
|w 2016-04-24
|y BK15
|
| 998 |
|
|
|c ΚΑΝΕΛΛΟΠΟΥΛΟΥ
|d 2009-10
|
| 999 |
|
|
|c 52517
|d 52517
|